| 000 | 02587nam0a2200421 4500 | ||
|---|---|---|---|
| 001 | RU\NLR\BIBL_A\022630362 | ||
| 005 | 20251124163359.0 | ||
| 010 |
_a978-5-0054-3426-5 _91000 |
||
| 021 |
_aRU _bКН-П-25-048151 _9КН-П-25-4665 |
||
| 035 | _a(NLR Aleph) 022630362 | ||
| 090 |
_a13470065 _c13470065 |
||
| 100 | _a20250925d2025 u y0rusy50 ca | ||
| 101 | 0 | _arus | |
| 102 | _aRU | ||
| 105 | _aa|||j|||000yy | ||
| 181 | 0 |
_ai3 _baxxe |
|
| 182 | 0 | _an | |
| 200 | 1 |
_aФинансы, денежное обращение и кредит _eпрактикум _eучебное пособие _eдля студентов, обучающихсяпо специальностям среднего профессионального образования "Операционная деятельность в логистике", "Финансы" _fЛ. В. Перекрестова, Н. М. Романенко, Е. С. Старостина |
|
| 203 |
_aТекст _bвизуальный _cнепосредственный |
||
| 205 | _a9-е изд., стер. | ||
| 210 |
_aМосква _cАкадемия _d2025 |
||
| 215 |
_a203, [2] с. _cил., табл. _d22 |
||
| 225 | 1 |
_aПрофессиональное образование _iОбщепрофессиональные дисциплины |
|
| 320 | _aБиблиогр.: с. 201-204 | ||
| 333 | _a12+ | ||
| 606 | 1 |
_aФинансы _jУчебные издания для среднего профессионального образования _yРоссийская Федерация _92073627 _3RU\NLR\AUTH\661248550 |
|
| 606 | 1 |
_aКредит _jУчебные издания для среднего профессионального образования _yРоссийская Федерация _92097873 _3RU\NLR\AUTH\661269143 |
|
| 606 | 1 |
_aДенежное обращение _jУчебные издания для среднего профессионального образования _yРоссийская Федерация _92077429 _3RU\NLR\AUTH\661253052 |
|
| 686 | 1 | _aУ26(2)я723 | |
| 686 | 1 | _aУ26(2)22я723 | |
| 686 | 1 | _aУ26(2)26я723 | |
| 700 | 1 |
_aПерекрестова _bЛ. В. _cд-р экон. наук _f1954-- _gЛюбовь Вениаминовна _9151214 _3RU\NLR\AUTH\770151252 |
|
| 701 | 1 |
_aРоманенко _bН. М. _gНиколай Михайлович |
|
| 701 | 1 |
_aСтаростина _bЕ. С. _gЕлена Сергеевна |
|
| 942 | _cBOOK | ||
| 980 | _aNB | ||